LDR 00850naa#a2200169#i#450# 001 EN\\bibl\121459 005 20260514161021.4 011 ## _a1994-4683 100 ## _a20230531b2023####ek#y0engy0150####ca 102 ## _aRU 200 1# _aRELIABILITY OF DIFFERENCES IN REFEREEING OF “OWN” AND “FOREIGN” COUPLES IN THE FINAL ROUNDS OF WORLD DANCESPORT FEDERATION WORLD CHAMPIONSHIP COMPETITIONS _eJournal article 210 1# _aMoscow _cNational State University of Physical Education, Sports and Health named after P.F. Lesgaft _d2023 215 ## _a8 с. 608 ## _aJournal article _2local 675 ## _aОбщие вопросы организации. Регулирование.Положения. Формальности. Спортивная деятельность, например судейство. 796.06 _z 700 #1 _a _g 856 4# _auchzapiski.lesgaft.spb.ru _u